000 00985nam a2200265 a 4500
001 000023885
005 20200930022537.0
008 110115s1982 sp r 000 0 spa d
020 _a8475090362
040 _aDO-SdBNP
_bspa
_cBNPHU
041 1 7 _aspa
_heng
_2Código de idiomas MARC
082 _annnn
_bF932a
100 1 _aFromm, Erich,
_d1900-1980
_98175
240 1 4 _aThe art of loving.
_lEspañol
245 1 3 _aEl arte de amar :
_buna investigación sobre la naturaleza del amor /
_cErich Fromm ; traducción de Noemí Rosenblatt.
260 _aBarcelona :
_bPaidós Ibérica,
_c1982.
300 _a128 p. ;
_c20 cm.
490 1 _aPaidos studio
_v7
500 _a4a reimpresión en España
504 _aIncluye referencias bibliográficas y notas al pie de las páginas.
534 _pTítulo original en inglés:
_tThe art of loving.
_cNueva York : Harper and Brothers.
700 1 _aRosenblatt, Noemí,
_etr.
_949140
830 0 _aPaidos studio ;
_v7
_949141
049 _aBNGR
999 _c23381
_d23381